Sample Survey Methods Theory : Volume I: Methods and Applications

Salvato in:
Dettagli Bibliografici
Autori principali: Hansen, Morris H. (Autore), Hurwitz, William N. (Autore), Madow, William G. (Autore)
Natura: Libro
Lingua:inglese
Pubblicazione: New York : John Wiley & Sons, 1993
Edizione:1. Edition
Soggetti:
Tags: Aggiungi Tag
Nessun Tag, puoi essere il primo ad aggiungerne!!

MARC

LEADER 00000nam a22000003a 4500
001 stu82395
005 20190206124409.4
008 031107s1993----xxu-----------------eng-d
020 |a 0-471-30967-2 
040 |a STU  |b slo 
041 0 |a eng 
044 |a xxu 
080 |a 303.523.2  |7 stu_us_auth*stu676 
100 1 |a Hansen, Morris H.  |4 aut 
245 1 |a Sample Survey Methods Theory :  |b Volume I: Methods and Applications 
250 |a 1. Edition 
260 |a New York :  |b John Wiley & Sons,  |c 1993 
300 |a 638 s 
650 7 |a pravdepodobnostné modely  |2 stusub 
650 7 |a náhodné vzorky  |2 stusub 
700 1 |a Hurwitz, William N.  |4 aut 
700 1 |a Madow, William G.  |4 aut 
996 |b 284J015444  |c J*102354  |l JJK18  |s P  |a 0  |w stu82395_0001